Cessioni più costose - PSV - Statistics

Statistiche generali
  • Questo quiz è stato fatto 16 volte
  • Il punteggio medio è 8 su 20
Statistiche sulle risposte
Costo (M €) A Nazione Anno Calciatore % Corretto
45 Napoli Messico 2019 Hirving Lozano
100%
42 Liverpool Paesi Bassi 2023 Cody Gakpo
94%
14,25 Inter Paesi Bassi 2021 Denzel Dumfries
88%
30 Tottenham Paesi Bassi 2020 Steven Bergwijn
81%
35 Chelsea Inghilterra 2023 Noni Madueke
75%
15 Barcellona Brasile 1996 Ronaldo
69%
34 Manchester United Paesi Bassi 2015 Memphis Depay
63%
28,50 Manchester United Paesi Bassi 2001 Ruud van Nistelrooy
63%
30 Borussia Dortmund Paesi Bassi 2021 Donyell Malen
50%
18 Chelsea Paesi Bassi 2004 Arjen Robben
31%
17 Manchester United Paesi Bassi 1998 Jaap Stam
31%
20 Newcastle Utd Paesi Bassi 2015 Georginio Wijnaldum
25%
17,50 Roma Paesi Bassi 2013 Kevin Strootman
25%
12,50 Siviglia Paesi Bassi 2019 Luuk de Jong
25%
12 Manchester City Spagna 2019 Angeliño
13%
14 Anzhi Ungheria 2011 Balázs Dzsudzsák
6%
12 Barcellona Paesi Bassi 1998 Boudewijn Zenden
6%
12 Siviglia Costa d'Avorio 2007 Arouna Koné
0%
13 Brighton Paesi Bassi 2017 Davy Pröpper
0%
17 Brighton Paesi Bassi 2018 Jürgen Locadia
0%
Nessun quiz corrispondente trovato
Distribuzione punteggi
Percentuale di utenti per punteggio
Percentile per numero di risposta
I tuoi punteggi nel tempo
Non hai fatto questo quiz